Statistics for 香港街道英文名

Click here to take the quiz!

General Stats

  • This quiz has been taken 52 times
  • The average score is 13 of 20

Answer Stats

HintAnswer% Correct
彌敦道Nathan Road
95%
亞皆老街Argyle Street
86%
般咸道Bonham Road
83%
駱克道Lockhart Road
79%
渣華道Java Road
76%
軒尼詩道Hennessy Road
74%
漆咸道Chatham Road
69%
干諾道Connaught Road
69%
堅道Caine Road
67%
遮打道Chater Road
67%
告士打道Gloucester Road
67%
砵蘭街Portland Street
67%
德輔道Des Voeux Road
64%
奶路臣街Nelson Street
64%
登打士街Dundas Street
62%
謝斐道Jaffe Road
62%
司徒拔道Stubbs Road
55%
加連威老道Granville Road
40%
加士居道Gascoigne Road
33%
加拿芬道Carnarvon Road
21%

Score Distribution

Percentile by Number Answered

Percent of People with Each Score

Your Score History

You have not taken this quiz